000 002970000a22001330004500
041 0 _aSPA
082 0 4 _aG 972.91 G6439a
100 1 _aGonzález, Justo Luis
245 1 0 _aApocalipsis de Cuba / Justo González
260 _aAlajuela, Costa Rica
300 _a146 Pag
001 11445
942 _cBK
999 _c40747
_d40747